|
|
|
|
| LEADER |
00000nab a2200000 a 4500 |
| 001 |
vtls011547629 |
| 003 |
SK-MaSNL |
| 005 |
20260303094345.0 |
| 008 |
160425c2016 xo qr0p 000 a slo |
| 015 |
|
|
|a SNBRB2015/04
|
| 038 |
|
|
|a BAULUV
|
| 040 |
|
|
|a BAULUV
|b slo
|c BAULUV
|e AACR2
|
| 041 |
|
|
|a slo
|b eng
|
| 044 |
|
|
|a xo
|c SK
|
| 072 |
|
7 |
|a 74
|x Kresba. Umelecké remeslá
|2 konspekt
|
| 080 |
|
|
|a 621.941.24
|2 2011
|
| 080 |
|
|
|a 745.51
|2 2011
|
| 245 |
0 |
0 |
|a ,,Človek by si mal jedlo osoliť či okoreniť aj zábavou."
|
| 300 |
|
|
|b Fotogr.
|
| 600 |
1 |
7 |
|2 SNKPH
|
| 610 |
2 |
7 |
|a Škola úžitkového výtvarníctva (Ružomberok, Slovensko)
|2 snkbucl
|9 350182
|
| 650 |
0 |
7 |
|a sústruženie
|2 SNKPH
|9 69997
|
| 650 |
0 |
7 |
|a tokárstvo
|2 BAULUVPH
|9 613351
|
| 650 |
0 |
7 |
|a Turning
|2 BAULUVPHeng
|9 353964
|
| 651 |
|
7 |
|2 SNKPH
|
| 773 |
0 |
|
|t Remeslo, umenie, dizajn
|p RUD
|g Roč. 17, č. 1 (2016), s. 51
|x 1335-5457
|
| 852 |
|
|
|a BAULUV
|b KIS3GCP
|
| 958 |
|
|
|a SK
|
| 958 |
|
|
|a RBX
|
| 999 |
|
|
|c 1820213
|d 1822143
|